000 00192 a2200097 4500
001 3285
100 _aDoorly, E
245 _aRaduim woman
260 _a
_bW Heinemann
_c
090 _c2564
_d2564
942 _aNUST-CAE
_cM
_c17380
999 _c238358
_d238358